| 000 | 00488cam a22001097a 4500 | ||
|---|---|---|---|
| 008 | 180718b1985 xxu||||| |||| 00| 0 eng d | ||
| 082 | _aB131x52 N811r | ||
| 245 |
_aReport of the working group on development of North Eastern Region during the seventh five year plan, March, 1985 _cby Information and Public Relations, North Eastern Council |
||
| 260 |
_aShillong _bInformation and Public Relations _c1985 |
||
| 300 | _a211p. | ||
| 700 | _aNorth Eastern Council. Information and Public Relations | ||
| 999 |
_c489008 _d489008 |
||